<?xml version="1.0" encoding="UTF-8"?>
<record
    xmlns:xsi="http://www.w3.org/2001/XMLSchema-instance"
    xsi:schemaLocation="http://www.loc.gov/MARC21/slim http://www.loc.gov/standards/marcxml/schema/MARC21slim.xsd"
    xmlns="http://www.loc.gov/MARC21/slim">

  <leader>01171cam a22001931  4500</leader>
  <datafield tag="082" ind1=" " ind2=" ">
    <subfield code="a">355.009244</subfield>
    <subfield code="b">MAU</subfield>
  </datafield>
  <datafield tag="100" ind1="1" ind2=" ">
    <subfield code="a">Maurois, Ander</subfield>
    <subfield code="9">49282</subfield>
  </datafield>
  <datafield tag="245" ind1="1" ind2="0">
    <subfield code="a">Marshal Lyautey/</subfield>
    <subfield code="b">;</subfield>
    <subfield code="c">;</subfield>
  </datafield>
  <datafield tag="260" ind1=" " ind2=" ">
    <subfield code="a">London,</subfield>
    <subfield code="b">G. Allen &amp; Unwin, ltd.</subfield>
    <subfield code="c">[1931]</subfield>
  </datafield>
  <datafield tag="300" ind1=" " ind2=" ">
    <subfield code="a">289 p., 1 l.</subfield>
    <subfield code="b">front. (port.) pl., map.</subfield>
    <subfield code="c">23 cm.</subfield>
  </datafield>
  <datafield tag="500" ind1=" " ind2=" ">
    <subfield code="a">"Translated from the first French edition o Chroniques de Gomes Eannes de Azurara, in the series 'Les grands navigateurs et colons portugais du XVe et du XVIe si&#xE8;cles: anthologie des &#xE9;crits de l&#x2BC;&#xE9;poque par Virginia de Castro et Almeida' ... Paris, 1934."- p. [4]</subfield>
  </datafield>
  <datafield tag="500" ind1=" " ind2=" ">
    <subfield code="a">An abridgment of the Portuguese originals, Chronica do descobrimento e conquista de Guin&#xE9; ... illustrada com algumas notas pelo visconde de Santarem ... Pariz, 1841, 3. pte.; and Chronica de el-rei d. Jo&#xE3;o I, por Fern&#xE3;o Lopez, 3. pte., "em que se contem a Tomada de Ceuta, composta por Gomes Eannes de Azurara." (cf. the edition of Lisbon, 1897-1900)</subfield>
  </datafield>
  <datafield tag="526" ind1=" " ind2=" ">
    <subfield code="a">0</subfield>
    <subfield code="b">0</subfield>
    <subfield code="c">0</subfield>
    <subfield code="d">355_009244000000000_MAU</subfield>
  </datafield>
  <datafield tag="650" ind1=" " ind2="0">
    <subfield code="a">MCE</subfield>
    <subfield code="9">379</subfield>
  </datafield>
  <datafield tag="650" ind1=" " ind2="0">
    <subfield code="a">Portuguese</subfield>
    <subfield code="z">Africa</subfield>
    <subfield code="9">49283</subfield>
  </datafield>
  <datafield tag="700" ind1="1" ind2=" ">
    <subfield code="a">Almeida, Virginia de Castro e,</subfield>
    <subfield code="9">49284</subfield>
  </datafield>
  <datafield tag="700" ind1="1" ind2=" ">
    <subfield code="a">Miall, Bernard,</subfield>
    <subfield code="9">49285</subfield>
  </datafield>
  <datafield tag="942" ind1=" " ind2=" ">
    <subfield code="2">ddc</subfield>
    <subfield code="c">BK</subfield>
  </datafield>
  <datafield tag="999" ind1=" " ind2=" ">
    <subfield code="c">552075</subfield>
    <subfield code="d">552075</subfield>
  </datafield>
  <datafield tag="952" ind1=" " ind2=" ">
    <subfield code="0">0</subfield>
    <subfield code="1">0</subfield>
    <subfield code="2">ddc</subfield>
    <subfield code="4">0</subfield>
    <subfield code="7">0</subfield>
    <subfield code="a">MCE</subfield>
    <subfield code="b">MCE</subfield>
    <subfield code="c">Archive Section</subfield>
    <subfield code="d">2015-01-06</subfield>
    <subfield code="l">0</subfield>
    <subfield code="o">355.009244 MAU</subfield>
    <subfield code="p">MCE-ECM/106</subfield>
    <subfield code="r">2015-01-06</subfield>
    <subfield code="w">2015-01-06</subfield>
    <subfield code="y">BK</subfield>
  </datafield>
</record>
